01005 2200229 4500001002100000005001500021035002000036245005700056100001700113300002700130700002400157260004100181082001200222084001800234020002200252650002700274520037600301008004100677990001900718990001900737990001900756INLIS00000000001456520250124105557 a0010-01250000221 aPengantar sejarah dakwah /cWahyu Ilaihi, S.Ag, M.A.0 aWahyu Ilaihi axxii, 246 hlm.; 23 cm.0 aHarjani Hefni Polah aJakarta :bPrenadamedia Group,c2017 a297.729 a297.729 WAH p a978-979-3925-96-7 aDakwah Islam - Sejarah aTema-tema utama dalam buku ini antara lain: Pengertian sejarah dakwah dan urgensi sejarah dakwah - Dakwah sebelum Islam - Dakwah pada masa Rasulullah SAW - Dakwah pada masa Khulafa ar-Rasyidin - Dakwah pada masa Umawiyyah, Abbasiyah, dan Dinasti Ustmaniyah - Dakwah kontemporer yang berisi tentang perkembangan serta pola dakwah Islam di seluruh belahan dunia250124 e 0 ind  a024.3248/PC/24 a024.3249/PC/24 a024.3250/PC/24